000 00485nam a2200169Ia 4500
008 230917s9999||||xx |||||||||||||| ||und||
020 _cRS550
040 _e251018
_aMAIN
041 _aEnglish
082 _a300.72 B738S
100 _aBraun, Virginia
245 0 _aSafal gunaatmak anusandhaan: Naye shodhkartaon ke liya vyavharik margdarshan
260 _aNew Delhi
_bSage
_c2018
300 _axi, 345 p.
500 _a4422 19/01/2022 FP19/177 18/03/2019 Main Budget
942 _cBK
999 _c34639
_d34639